00451nam a2200181 a 450000100060000000300090000600800410001502000150005604000280007108200160009910000160011524500150013126000380014630000080018465000190019265000370021165000210024821833CO-ViMGA141112s2004 ck r 000 u spa d a8466602313 aCO-ViMGAbspacCO-ViMGA04a813.5 P896p1 aPuzo, Mario10aEL Padrino aBarcelona : bEdiciones S, c2001 a47714aMAFIA - NOVELA14aNOVELA ESTADOUNIDENSE - SIGLO XX14aNOVELA POLICIACA